Online
Catalog

La decadencia de occidente : (Record no. 24291)

MARC details
000 -CABECERA
campo de control de longitud fija 00802nam a2200229 a 4500
001 - NÚMERO DE CONTROL
campo de control 000024798
005 - FECHA Y HORA DE LA ÚLTIMA TRANSACCIÓN
campo de control 20200930023357.0
008 - DATOS DE LONGITUD FIJA--INFORMACIÓN GENERAL
campo de control de longitud fija 110204s1925 sp r 000 0 spa d
040 ## - FUENTE DE LA CATALOGACIÓN
Centro catalogador/agencia de origen DO-SdBNP
Lengua de catalogación spa
Centro/agencia transcriptor BNPHU
082 ## - NÚMERO DE LA CLASIFICACIÓN DECIMAL DEWEY
Número de clasificación xxxxx
Número de documento/Ítem S747d
049 ## - FONDOS LOCALES (OCLC)
Fondos de biblioteca BNGR
100 1# - ENTRADA PRINCIPAL--NOMBRE DE PERSONA
Nombre de persona Spengler, Oswald
9 (RLIN) 50887
245 13 - MENCIÓN DE TÍTULO
Título La decadencia de occidente :
Resto del título bosquejo de una morfología de la historia universal /
Mención de responsabilidad, etc. traducción Manuel G. Morente.
250 ## - MENCIÓN DE EDICIÓN
Mención de edición 2a ed.
260 ## - PUBLICACIÓN, DISTRIBUCIÓN, ETC.
Lugar de publicación, distribución, etc. Madrid :
Nombre del editor, distribuidor, etc. Calpe,
Fecha de publicación, distribución, etc. 1925.
300 ## - DESCRIPCIÓN FÍSICA
Extensión v. 1 ;
Dimensiones 22.5 cm.
490 1# - MENCIÓN DE SERIE
Mención de serie Biblioteca de ideas del siglo XX ;
Designación de volumen o secuencia 4
504 ## - NOTA DE BIBLIOGRAFÍA, ETC.
Nota de bibliografía, etc. Incluye referencias bibliográficas y notas al pie de las páginas.
505 2# - NOTA DE CONTENIDO CON FORMATO
Nota de contenido con formato v. 1
Título Forma y realidad.
700 1# - PUNTO DE ACCESO ADICIONAL--NOMBRE DE PERSONA
Nombre de persona Morente, Manuel G.,
Término indicativo de función/relación tr.
9 (RLIN) 50888
830 #0 - PUNTO DE ACCESO ADICIONAL DE SERIE-TÍTULO UNIFORME
Título uniforme Biblioteca de ideas del siglo XX ;
Número de parte o sección de la obra 4
9 (RLIN) 50889
Holdings
Estado de retiro Estado de pérdida Restricciones de uso No para préstamo Código de colección Localización permanente Ubicación/localización actual Ubicación en estantería Fecha de adquisición Número de inventario Total de préstamos Signatura topográfica completa Código de barras Fecha visto por última vez Precio válido a partir de Tipo de ítem Koha Nota pública
      Excluido de préstamo Raros y valiosos General General Depósito 04.02.2011 LF1   v. 2 24798-10 25.06.2020 25.06.2020 No se presta Perteneció a la biblioteca personal de Julio Ortega Frier.

Powered by Koha